| 000 | 00417nam a2200157Ia 4500 | ||
|---|---|---|---|
| 008 | 210716s2009 xx 000 0 und d | ||
| 020 | _a9788190710435 | ||
| 041 | _aeng | ||
| 082 | _a004.69 PATB | ||
| 100 | _aPatel, Bankim;Barik, Lal Bihari. | ||
| 245 | _aIntroductory web technology and internet. | ||
| 250 | _a1 | ||
| 260 |
_aNew Delhi _bExcel Books _c2009 |
||
| 300 | _ax,346 | ||
| 650 | _aInternet / Mutimedia | ||
| 999 |
_c189670 _d189670 |
||